Top 20 beliebtesten Vornamen 2001 - Statistiken

Allgemein
  • Dieses Quiz wurde 58 mal gespielt
  • Das Durchschnittsergebnis liegt bei 18 aus 20
Antwortstatistiken
📍 Vorname % Korrekt
J.n ♂️ Jan
100%
D.n..l Daniel
98%
F.b..n Fabian
98%
L.k.s Lukas
98%
M.x.m.l..n Maximilian
98%
N.k..s Niklas
98%
Al..a.d.r Alexander
95%
Ph.l..p Phillip
95%
S.r.h ♀️ Sarah
95%
T.m Tim
95%
Le.n Leon
93%
V.n.s.a Vanessa
90%
An.a Anna
88%
K.t..r..a Katharina
86%
M.r.a Maria
86%
M.c..l.e Michelle
86%
J.l.a Julia
81%
L.u.a Laura
79%
M.r.e Marie
79%
S.p..e Sophie
79%
Keine übereinstimmenden Quizze gefunden
Verteilung der Resultate
Anzahl Personen mit jedem Resultat
Perzentil nach korrekt beantworteten Fragen
Ihre Resultats-Entwicklung
Sie haben dieses Quiz noch nicht gespielt